Le singe blanc / (Record no. 187677)

MARC details
000 -LEADER
campo de control de longitud fija 00868nam a2200241 i 4500
001 - NÚMERO DE CONTROL
campo de control 187677
003 - IDENTIFICADOR DE NÚMERO DE CONTROL
campo de control ES-MaACL
005 - FECHA Y HORA DE LA ÚLTIMA TRANSACCIÓN
campo de control 20230906223013.0
008 - DATOS DE LONGITUD FIJA--INFORMACIÓN GENERAL
campo de control de longitud fija 180115s1933 fr |||| | fre d
080 ## - NÚMERO DE LA CLASIFICACIÓN DECIMAL UNIVERSAL
Número de la Clasificación Decimal Universal 821.133.1-31"19"
100 1# - ENTRADA PRINCIPAL--NOMBRE DE PERSONA
Nombre de persona Galsworthy, John (
Fechas asociadas al nombre 1867-1933)
9 (RLIN) 53675
245 13 - MENCIÓN DEL TÍTULO
Título Le singe blanc /
Mención de responsabilidad, etc. John Galsworthy ; roman traduit de l'anglais par Madame Claireau.
260 ## - PUBLICACIÓN, DISTRIBUCIÓN, ETC.
Lugar de publicación, distribución, etc. Paris :
Nombre del editor, distribuidor, etc. Calmann-Lévy,
Fecha de publicación, distribución, etc. 1933.
300 ## - DESCRIPCIÓN FÍSICA
Extensión 2 v.(202, 194 p.) ;
Dimensiones 19 cm.
490 1# - MENCIÓN DE SERIE
Mención de serie Comédie moderne
490 1# - MENCIÓN DE SERIE
Mención de serie Collection nouvelle
594 ## - Nota al título y mención de responsabilidad
Nota al título y mención de responsabilidad En v. 2: "suivi de déclaration sans paroles"
700 1# - ENTRADA AGREGADA--NOMBRE PERSONAL
Nombre de persona Claireau, Hélène (
Fechas asociadas al nombre 1887-1960?)
9 (RLIN) 164053
830 0# - PUNTO DE ACCESO ADICIONAL DE SERIE-TÍTULO UNIFORME
Título uniforme Comédie moderne
9 (RLIN) 233540
830 0# - PUNTO DE ACCESO ADICIONAL DE SERIE-TÍTULO UNIFORME
Título uniforme Collection nouvelle
9 (RLIN) 192812
852 ## - LOCALIZACIÓN
Ubicación ES-MaACL
Número de control de estantería L-31848-49
Nota libre . - Donat. herederos de la bibl. de Mª del Pilar Costa Palacín
Holdings
Estatus retirado Estado de pérdida Estado de daño No para préstamo Biblioteca de origen Biblioteca actual Ubicación en estantería Fecha de adquisición Fuente de adquisición Total de préstamos Signatura topográfica completa Código de barras Visto por última vez Precio de reemplazo Tipo de ítem Koha
        Biblioteca del Ateneo de Madrid Biblioteca del Ateneo de Madrid Depósito 2 15/01/2018     L-31848-49 1198255 23/02/2023 23/02/2023 Libro impreso